000
00305nam a2200109Ia 4500
008
220204s9999 xx 000 0 und d
082
_a
338.43.01
_b
GUL;1
100
_a
Gulati, Ashok
245
0
_a
Export competitiveness of selected agricultural commodities
260
_a
New Delhi
_b
NCAER
_c
1994
942
_c
BK
999
_c
40811
_d
40811